01664nam a22003255a 4500999001700000003000900017005001700026008004100043017001700084020001800101040003800119082002900157100002500186245008500211250001100296260009400307300002500401504006300426541003700489650003700526650004200563650004600605651001000651653002100661942000800682952016200690952016200852952016201014952016201176 c27536d27507EG-ScBUE20190616121257.0190616s2018 ua frb 000 0 ara d a2017 / 17871 a9789774402907 aEG-ScBUEbaracEG-ScBUEdEG-ScBUE04a332.1068bم هـ د2221 aمهدي، سمير.10aإدارة المخاطر في البنوك /cتأليف سمير مهدي. aط. 1. aالجيزة، مصر :bالدار العالمية للنشر والتوزيع،c2018. a213 ص. ؛c24 سم. aيشتمل على إرجاعات ببليوجرافية. aDr. Ahmed EL-Mahdy ;cDonation ; 7aالبنوكxتسويق.2BUEsh 7aإدارة الأعمال.2BUEsh 7aالمؤسسات المالية.2BUEsh 2BUEsh bBUSECOcJune2019 2ddc 00102ddc40708Donation-GaMAINbMAINc1STd2019-06-16eDonationo332.1068 م هـ دp000047935r2025-07-15 00:00:00xDonation from Dr. Ahmed EL-MahdyyNB 00102ddc40708Donation-GaMAINbMAINc1STd2019-06-16eDonationo332.1068 م هـ دp000047936r2025-07-15 00:00:00xDonation from Dr. Ahmed EL-MahdyyBB 00102ddc40708Donation-GaMAINbMAINc1STd2019-06-16eDonationo332.1068 م هـ دp000047937r2025-07-15 00:00:00xDonation from Dr. Ahmed EL-MahdyyBB 00102ddc40708Donation-GaMAINbMAINc1STd2019-06-16eDonationo332.1068 م هـ دp000047938r2025-07-15 00:00:00xDonation from Dr. Ahmed EL-MahdyyBB